000 00268nam a2200109Ia 4500
008 200302s9999 xx 000 0 und d
100 _aGeorge Michell
245 _aThe Royal Palaces Of India
260 _bThames and Hudson Publishers
260 _c2004
300 _a232 P
999 _c4399
_d4399